000 nam a22 7a 4500
999 _c9685
_d9685
008 180206b ||||| |||| 00| 0 eng d
100 _aJulka, A
_95800
245 _aAwarness package for upper primary teachers
260 _aNew Delhi
_bNCERT
_c2003